• 首页
  • 本馆介绍
  • 公告通知
  • 最新文献
  • 馆藏检索
  • 电子资源
  • 读者导购
  • 参考咨询
  • 我的图书馆
  • 登录
  • 详细信息显示
  • 放入我的书架
  • 预约/预借图书
  • 作者相关作品
  • 分类相关作品
  • 丛书相关作品
  • 出版社相关作品

书目信息

  • 表格格式
  • 工作单格式
  • 卡片格式
题名:
常用药物知识
    
 
作者: 张家铨 编著
分册:  
出版信息: 上海   上海科学技术出版社  1987
页数: 231页
开本: 19cm
丛书名: 卫生知识丛书
单 册:
中图分类: R97-49 , R9
科图分类:
主题词: 药物 , 药物学
电子资源:
ISBN:
000 00749nam2 2200301 45
001 0187009737
005 20040524084924.6
010    @dCNY0.45
091    @b14119.1085
100    @a19900808d1987 em y0chiy0121 ea
101 0  @achi
102    @aCN@b310000
105    @ay z 000yy
106    @ar
200 10 @a常用药物知识@Achang yong yao wu zhi shi@f张家铨编著
205    @a修订本
210    @a上海@c上海科学技术出版社@d1987
215    @a231页@d19cm
225 2  @a卫生知识丛书
410  0 @120010@a卫生知识丛书
606    @a药物
606 0  @a药物学
690    @aR97-49@v3
690    @aR9
701  0 @a张家铨@Azhang jia quan@4编著
801  0 @aCN@b深圳图书馆@c20040524
801  2 @aCN@bNLC@c20040524
905    @f1@b56095@dR9@e7
    
    常用药物知识/张家铨编著.-修订本.-上海:上海科学技术出版社,1987
    231页;19cm.-(卫生知识丛书)
    
    
    ISBN :CNY0.45
    
●
相关链接 在E读中查询图书 在五车中查询图书 在当当中查询图书 在豆瓣中查询图书


正题名:常用药物知识     索取号:R9/7         预约/预借

序号 登录号 条形码 馆藏地/架位号 状态 备注
1 0056095   001698292   第三借阅区/ [索取号:R9/7] 在馆    
2 0056096   001698265   第二样本阅览室/ [索取号:R9/7] 在馆    
唐山师范学院图书馆 欢迎您!
大连网信软件有限公司© 版权所有